00734fam a2200241 a 45000010008000000030004000080050017000120080041000290200015000700350021000850350024001060350017001300400008001470500020001552450083001752600041002583000033002995000012003325040064003446500043004087000023004517000018004741441063OSt20180117090006.0900413s1994 iaua b 000 0 eng  a0697170993 a(OCoLC)502590756 a(OCoLC)ocn502590756 a(NNC)1441063 cNMC 4aP94b.M36 1994g00aMedia ethics :bissues and cases /c[edited by] Philip Patterson, Lee Wilkins. aDubuque, IA :bWm. C. Brown,cc1994. axx, 280 p. :bill. ;c23 cm. a2nd ed. aIncludes bibliographical references (p. 271-275) and index. 0aMass mediaxMoral and ethical aspects.1 aPatterson, Philip.1 aWilkins, Lee.